| 000 | 00587nam a22001817a 4500 | ||
|---|---|---|---|
| 999 |
_c10330 _d10330 |
||
| 003 | AR-CdUCM | ||
| 008 | 190329b ||||| |||| 00| 0 spa d | ||
| 040 |
_aMUNICIPALIDAD PROVINCIAL DEL CUSCO _cBIBLIOTECA MUNICIPAL DEL CUSCO |
||
| 082 |
_aES / 373.460 / _bQ7 |
||
| 100 |
_aQuintanilla, Martín _927130 |
||
| 245 | _aEl mundo de la lectura / | ||
| 260 |
_aLima : _bSan Francisco. _cEscuela Popular. |
||
| 300 |
_a206 páginas : _c21 cm. |
||
| 505 | _aCuentos -- Mitos -- Leyendas -- Fábulas -- Teatro -- Poesía | ||
| 650 |
_aEducación. _9460 |
||
| 942 |
_2ddc _cLIBROS |
||
| 945 | _awfj | ||